| 000 | 00564nam a2200205Ia 4500 | ||
|---|---|---|---|
| 005 | 20260429111943.0 | ||
| 008 | 260429s9999||||xx |||||||||||||| ||und|| | ||
| 020 | _a9788184113358 | ||
| 041 | _aEnglish | ||
| 082 |
_a338.3727 _bSIN |
||
| 100 | _aSingh, Kamal Kishore | ||
| 245 | 0 |
_aFisheries and aquatic resources of India / _cKamal Kishore Singh |
|
| 260 |
_aNew Delhi : _bSonali Publications, _c2025. |
||
| 300 | _avii, 288 p.; hb | ||
| 650 | _a Aquatic | ||
| 650 | _a Fisheries | ||
| 650 | _a Production economics | ||
| 650 | _aEconomics | ||
| 942 | _cTB | ||
| 999 |
_c51600 _d51600 |
||